[Event "Samara op"]
[Site "Samara"]
[Date "2003.??.??"]
[Round "5"]
[White "Arbakov, Valentin"]
[Black "Alavkin, Arseny Nailievich"]
[Result "0-1"]
[WhiteElo "2374"]
[BlackElo "2484"]
[PlyCount "82"]
[EventDate "2003.??.??"]
[EventType "swiss"]
[EventRounds "9"]
[EventCountry "RUS"]
[SourceTitle "EXT 2005"]
[Source "ChessBase"]
[SourceDate "2004.11.15"]
[SourceVersion "1"]
[SourceVersionDate "2004.11.15"]
[SourceQuality "1"]

1. c4 c6 2. Nf3 d5 3. e3 Nf6 4. b3 Bf5 5. Bb2 e6 6. Be2 Nbd7 7. Nh4 Bg6 8. Nxg6 hxg6 9. h3 Ne4 10. d3 Bb4+ 11. Kf1 Nef6 12. g3 Bd6 13. Kg2 Qe7 14. a3 e5 15. cxd5 cxd5 16. Nc3 a6 17. d4 0-0 18. Bf3 e4 19. Be2 b5 20. Qd2 Nb6 21. Nb1 Nh7 22. h4 g5 23. hxg5 Nxg5 24. Bc3 Rfc8 25. Ba5 Nd7 26. Bb4 Bxb4 27. Qxb4 Qe6 28. Qd2 Rc6 29. Nc3 Rac8 30. Rac1 Nf6 31. Na2 Rxc1 32. Nxc1 Rc7 33. a4 Qc8 34. axb5 Rc2 35. Qd1 axb5 36. Bxb5 Ng4 37. Ne2 Qf5 38. Qf1 Rd2 39. Rh4 Qf3+ 40. Kg1 Nxf2 41. Qc1 Rd1+ 0-1

[Event "Alushta Autumn 1st"]
[Site "Alushta"]
[Date "2002.09.20"]
[Round "8"]
[White "Livshits, Gaby"]
[Black "Arbakov, Valentin"]
[Result "1-0"]
[WhiteElo "2380"]
[BlackElo "2445"]
[PlyCount "71"]
[EventDate "2002.09.15"]
[EventType "tourn"]
[EventRounds "15"]
[EventCountry "UKR"]
[EventCategory "9"]
[SourceTitle "CBM 092"]
[Source "ChessBase"]
[SourceDate "2003.02.06"]
[SourceVersion "1"]
[SourceVersionDate "2003.02.06"]
[SourceQuality "1"]

1. e4 c5 2. Nc3 Nc6 3. Nge2 e6 4. d4 cxd4 5. Nxd4 d6 6. Be3 Nge7 7. Nb3 Ng6 8. g3 Be7 9. Bg2 0-0 10. h4 Nge5 11. Qe2 a6 12. f4 Nd7 13. h5 b5 14. e5 d5 15. 0-0-0 b4 16. Na4 Qc7 17. g4 a5 18. g5 Ba6 19. Qf2 Bb5 20. Nb6 Nxb6 21. Bxb6 Qc8 22. g6 f5 23. exf6 Rxf6 24. gxh7+ Kxh7 25. Nd4 Nxd4 26. Bxd4 Qc7 27. Bxf6 Bxf6 28. Bf1 Bxf1 29. Qxf1 Rc8 30. Qd3+ Kh8 31. Rdf1 a4 32. h6 g5 33. fxg5 Bxg5+ 34. Kb1 Bf4 35. Qg6 e5 36. Rfg1 1-0

[Event "Alushta Autumn 1st"]
[Site "Alushta"]
[Date "2002.09.19"]
[Round "7"]
[White "Arbakov, Valentin"]
[Black "Belikov, Vladimir"]
[Result "1/2-1/2"]
[WhiteElo "2445"]
[BlackElo "2487"]
[PlyCount "84"]
[EventDate "2002.09.15"]
[EventType "tourn"]
[EventRounds "15"]
[EventCountry "UKR"]
[EventCategory "9"]
[SourceTitle "CBM 092"]
[Source "ChessBase"]
[SourceDate "2003.02.06"]
[SourceVersion "1"]
[SourceVersionDate "2003.02.06"]
[SourceQuality "1"]

1. c4 Nf6 2. Nc3 c5 3. Nf3 Nc6 4. d4 cxd4 5. Nxd4 g6 6. e4 Nxd4 7. Qxd4 d6 8. Be2 Bg7 9. Be3 0-0 10. Qd2 Be6 11. 0-0 Qa5 12. Rfc1 Rfc8 13. b3 a6 14. f3 b5 15. Nb1 b4 16. Bd4 Nd7 17. Bxg7 Kxg7 18. a3 Qc5+ 19. Kh1 a5 20. Rc2 Qe5 21. Rca2 Nc5 22. Bd1 Rab8 23. axb4 axb4 24. Qe2 Bd7 25. Bc2 Bc6 26. Qd2 g5 27. Kg1 Ne6 28. Ra5 Qd4+ 29. Kf1 h6 30. Qe1 f6 31. R1a2 Qb6 32. Ra6 Qd4 33. Bd1 Nc5 34. Ra7 Qe5 35. Nd2 Kf7 36. Qg3 Ra8 37. Qxe5 fxe5 38. Ke2 Rxa7 39. Rxa7 Ra8 40. Rxa8 Bxa8 41. Nf1 Ne6 42. Ne3 Bc6 1/2-1/2

[Event "Alushta Autumn 1st"]
[Site "Alushta"]
[Date "2002.09.17"]
[Round "4"]
[White "Potapov, Alexander"]
[Black "Arbakov, Valentin"]
[Result "1-0"]
[WhiteElo "2515"]
[BlackElo "2445"]
[PlyCount "65"]
[EventDate "2002.09.15"]
[EventType "tourn"]
[EventRounds "15"]
[EventCountry "UKR"]
[EventCategory "9"]
[SourceTitle "CBM 092"]
[Source "ChessBase"]
[SourceDate "2003.02.06"]
[SourceVersion "1"]
[SourceVersionDate "2003.02.06"]
[SourceQuality "1"]

1. d4 Nf6 2. c4 e6 3. Nc3 Bb4 4. g3 d5 5. Bg2 c6 6. Nf3 Nbd7 7. Qb3 Be7 8. 0-0 0-0 9. Rd1 Nb6 10. c5 Nbd7 11. Qc2 b6 12. cxb6 axb6 13. e4 Ba6 14. Bf4 Nh5 15. Bd2 Nhf6 16. Rac1 Qb8 17. e5 Ne8 18. Bg5 Qd8 19. h4 h6 20. Be3 Nc7 21. Qd2 Kh7 22. Bh3 c5 23. Kg2 Rh8 24. Qc2+ Kg8 25. h5 Nb5 26. Nxd5 exd5 27. e6 Nf8 28. exf7+ Kxf7 29. dxc5 bxc5 30. Bxc5 Bf6 31. Qb3 Qe8 32. Rxd5 Ne6 33. Bxe6+ 1-0

[Event "Alushta Autumn 1st"]
[Site "Alushta"]
[Date "2002.09.16"]
[Round "3"]
[White "Arbakov, Valentin"]
[Black "Zavgorodniy, Sergiy"]
[Result "1/2-1/2"]
[WhiteElo "2445"]
[BlackElo "2393"]
[PlyCount "86"]
[EventDate "2002.09.15"]
[EventType "tourn"]
[EventRounds "15"]
[EventCountry "UKR"]
[EventCategory "9"]
[SourceTitle "CBM 092"]
[Source "ChessBase"]
[SourceDate "2003.02.06"]
[SourceVersion "1"]
[SourceVersionDate "2003.02.06"]
[SourceQuality "1"]

1. c4 c5 2. Nf3 g6 3. d4 cxd4 4. Nxd4 Bg7 5. e4 Nc6 6. Be3 Nf6 7. Nc3 0-0 8. Be2 d6 9. 0-0 Bd7 10. Qd2 Nxd4 11. Bxd4 Bc6 12. f3 a5 13. Rab1 Nd7 14. Be3 a4 15. Rfc1 Nc5 16. b4 axb3 17. axb3 Ra3 18. Bd1 Re8 19. b4 Na4 20. Bxa4 Bxa4 21. b5 Bb3 22. Bd4 e5 23. Nd5 exd4 24. Qb4 Qa5 25. Qxa5 Rxa5 26. Rxb3 Ra2 27. Nb4 Rd2 28. Rc2 Rxc2 29. Nxc2 Rc8 30. Na3 Bh6 31. Kf1 Bc1 32. Ke2 Bxa3 33. Rxa3 Rxc4 34. Ra8+ Kg7 35. Rd8 Rc2+ 36. Kf1 Rb2 37. Rxd6 Rxb5 38. Rxd4 Rb2 39. e5 g5 40. h4 h6 41. Rd7 Rb6 42. hxg5 hxg5 43. Kf2 Re6 1/2-1/2

[Event "Alushta Autumn 1st"]
[Site "Alushta"]
[Date "2002.09.15"]
[Round "1"]
[White "Kayumov, Dimitry"]
[Black "Arbakov, Valentin"]
[Result "1/2-1/2"]
[WhiteElo "2460"]
[BlackElo "2445"]
[PlyCount "127"]
[EventDate "2002.09.15"]
[EventType "tourn"]
[EventRounds "15"]
[EventCountry "UKR"]
[EventCategory "9"]
[SourceTitle "CBM 092"]
[Source "ChessBase"]
[SourceDate "2003.02.06"]
[SourceVersion "1"]
[SourceVersionDate "2003.02.06"]
[SourceQuality "1"]

1. e4 c5 2. Nf3 Nf6 3. Nc3 d5 4. exd5 Nxd5 5. Bb5+ Bd7 6. Qe2 Nb4 7. d4 Bxb5 8. Qxb5+ N8c6 9. 0-0 cxd4 10. Rd1 a6 11. Qe2 e6 12. a3 Nd5 13. Nxd5 Qxd5 14. Be3 Bc5 15. c3 Qe4 16. Qc4 Ba7 17. Nxd4 0-0 18. Qb3 Ne5 19. h3 Rfd8 20. Nc2 Bxe3 21. Nxe3 h5 22. Qb6 Nd3 23. Rd2 Rd7 24. Rad1 Rad8 25. Nf1 h4 26. Qe3 Qxe3 27. Nxe3 Kf8 28. Kf1 Ke7 29. b4 f5 30. a4 g5 31. a5 Ne5 32. Rxd7+ Nxd7 33. Ke2 Rc8 34. c4 Ne5 35. c5 Nc6 36. Nc2 Rc7 37. g3 hxg3 38. fxg3 Kf6 39. Kf2 f4 40. gxf4 gxf4 41. Rd6 Kf5 42. b5 axb5 43. a6 e5 44. axb7 Nb8 45. Nb4 Rxb7 46. c6 Rh7 47. Kg2 Ke4 48. Nd5 Rg7+ 49. Kf2 Nxc6 50. Nf6+ Kf5 51. Rxc6 Ra7 52. Ng4 Ra2+ 53. Kf1 b4 54. Rb6 Rb2 55. Rb5 Ke4 56. Nxe5 b3 57. Nc4 Rb1+ 58. Kf2 Kd3 59. Na3 Rb2+ 60. Kf3 Kc3 61. Rb8 Rh2 62. Nb5+ Kc4 63. Na3+ Kc3 64. Nb5+ 1/2-1/2

[Event "Tula"]
[Site "Tula"]
[Date "2002.09.09"]
[Round "6"]
[White "Arbakov, Valentin"]
[Black "Brikov, Illarion"]
[Result "1-0"]
[WhiteElo "2445"]
[BlackElo "2341"]
[PlyCount "121"]
[EventDate "2002.09.04"]
[EventType "tourn"]
[EventRounds "9"]
[EventCountry "RUS"]
[EventCategory "4"]
[SourceTitle "CBM 090 Extra"]
[Source "ChessBase"]
[SourceDate "2002.11.07"]
[SourceVersion "1"]
[SourceVersionDate "2002.11.07"]
[SourceQuality "1"]

1. c4 Nf6 2. Nc3 g6 3. e4 d6 4. d4 Bg7 5. f3 0-0 6. Bg5 c5 7. d5 h6 8. Be3 e6 9. Nge2 exd5 10. cxd5 a6 11. a4 Nbd7 12. Ng3 Re8 13. Be2 Rb8 14. 0-0 Nf8 15. Qd2 Kh7 16. Rfc1 b6 17. Rab1 N6d7 18. b4 Ra8 19. bxc5 bxc5 20. Nd1 Ne5 21. h3 Ra7 22. f4 Ned7 23. Bf3 Rb7 24. Rxb7 Bxb7 25. Rb1 Qa8 26. Bf2 Rb8 27. Ne3 Bc8 28. Rc1 Rb2 29. Rc2 Rb1+ 30. Kh2 Nb6 31. a5 Na4 32. Nc4 Qb8 33. Ne2 Nd7 34. Ra2 Rb4 35. Rc2 Nb2 36. Nxb2 Rxb2 37. Rxb2 Bxb2 38. Nc3 Qb4 39. Be1 Qa3 40. Qc2 Bc1 41. Ne2 Bb2 42. Bc3 Bxc3 43. Qxc3 Qb4 44. g3 Kg8 45. Kg2 Qb1 46. Kf2 Nf8 47. Qf6 Bxh3 48. Qxd6 c4 49. Qxa6 Qd3 50. Qb6 Qa3 51. Qc7 Bf1 52. e5 Bxe2 53. Bxe2 c3 54. a6 h5 55. e6 fxe6 56. dxe6 Nxe6 57. Bc4 Qb2+ 58. Kf3 c2 59. Bxe6+ Kh8 60. a7 Qa3+ 61. Kg2 1-0

[Event "Tula"]
[Site "Tula"]
[Date "2002.09.07"]
[Round "4"]
[White "Igriashvili, Zurab"]
[Black "Arbakov, Valentin"]
[Result "0-1"]
[WhiteElo "2296"]
[BlackElo "2445"]
[PlyCount "28"]
[EventDate "2002.09.04"]
[EventType "tourn"]
[EventRounds "9"]
[EventCountry "RUS"]
[EventCategory "4"]
[SourceTitle "CBM 090 Extra"]
[Source "ChessBase"]
[SourceDate "2002.11.07"]
[SourceVersion "1"]
[SourceVersionDate "2002.11.07"]
[SourceQuality "1"]

1. e4 c5 2. Nf3 Nf6 3. Nc3 d5 4. exd5 Nxd5 5. Nxd5 Qxd5 6. c4 Qd7 7. d4 cxd4 8. Qxd4 Nc6 9. Qxd7+ Bxd7 10. Bf4 f6 11. 0-0-0 e5 12. Be3 Rc8 13. Bd3 Nb4 14. Bb1 Rxc4+ 0-1

[Event "RUS-ch 1/2 fin"]
[Site "Tula"]
[Date "2002.??.??"]
[Round "7"]
[White "Arbakov, Valentin"]
[Black "Kulicov, Oleg Anatolie"]
[Result "1/2-1/2"]
[WhiteElo "2430"]
[BlackElo "2396"]
[PlyCount "159"]
[EventDate "2002.??.??"]
[EventType "swiss"]
[EventRounds "9"]
[EventCountry "RUS"]
[SourceTitle "EXT 2003"]
[Source "ChessBase"]
[SourceDate "2002.11.25"]
[SourceVersion "1"]
[SourceVersionDate "2002.11.25"]
[SourceQuality "1"]

1. c4 c5 2. Nf3 g6 3. d4 cxd4 4. Nxd4 Nc6 5. e4 Nf6 6. Nc3 Nxd4 7. Qxd4 d6 8. Bg5 Bg7 9. Be2 0-0 10. Qd2 Be6 11. 0-0 Qa5 12. Rfc1 Rfc8 13. b3 a6 14. a4 Qb4 15. Rab1 Rc7 16. f3 Rac8 17. Kh1 Kf8 18. Qe1 Bd7 19. Bf1 Bc6 20. Bd2 Qc5 21. b4 Qh5 22. a5 Bd7 23. Ne2 Bh6 24. Nf4 Bxf4 25. Bxf4 g5 26. Bg3 g4 27. f4 e5 28. Bd3 Be6 29. Qf1 Kg7 30. f5 Bd7 31. c5 Bb5 32. Bxb5 Nxe4 33. Qd3 Nxg3+ 34. Qxg3 axb5 35. Rf1 dxc5 36. Qxe5+ f6 37. Qe6 Qf7 38. Qe4 Qc4 39. Qe1 cxb4 40. Rxb4 Qd5 41. Rxg4+ Kh8 42. h3 Rc4 43. Qe7 Rxg4 44. hxg4 Qd4 45. Qxb7 Rg8 46. Qxb5 Rxg4 47. Qb8+ Kg7 48. Qc7+ Kh6 49. g3 Qd5+ 50. Kg1 Rc4 51. Qb6 Qe5 52. Qf2 Rc3 53. Kh2 Rb3 54. Kh3 Qxa5 55. Qf4+ Kg7 56. Rc1 Rc3 57. Rd1 Qc7 58. Qg4+ Kf7 59. Rd4 Kf8 60. Qh4 Qe7 61. Re4 Qf7 62. Rg4 Rc7 63. Qh6+ Ke8 64. Re4+ Re7 65. Rb4 Rd7 66. Rb8+ Rd8 67. Rb6 Rd1 68. Qe3+ Kf8 69. Rb8+ Kg7 70. Qf3 Rd7 71. Rb6 Rd8 72. Rb7 Rd7 73. Rb8 Re7 74. Rb6 Re8 75. Kh4 Kg8 76. Qc3 Kg7 77. Rc6 Re7 78. g4 h6 79. Rd6 Rd7 80. Re6 1/2-1/2

[Event "RUS-ch 1/2 fin"]
[Site "Tula"]
[Date "2002.??.??"]
[Round "1"]
[White "Arbakov, Valentin"]
[Black "Rodchenkov, Vitaly"]
[Result "1-0"]
[WhiteElo "2430"]
[BlackElo "2255"]
[PlyCount "85"]
[EventDate "2002.??.??"]
[EventType "swiss"]
[EventRounds "9"]
[EventCountry "RUS"]
[SourceTitle "EXT 2003"]
[Source "ChessBase"]
[SourceDate "2002.11.25"]
[SourceVersion "1"]
[SourceVersionDate "2002.11.25"]
[SourceQuality "1"]

1. c4 e5 2. Nf3 Nc6 3. d4 exd4 4. Nxd4 Bc5 5. Nb3 Bb4+ 6. Bd2 Bxd2+ 7. Qxd2 Nf6 8. Nc3 0-0 9. e3 d6 10. Be2 Re8 11. 0-0 Ne4 12. Nxe4 Rxe4 13. Rac1 Re5 14. Bf3 Ne7 15. Rfd1 Ng6 16. g3 Qf6 17. Bg2 Bg4 18. f3 Bd7 19. f4 Re7 20. Bxb7 Rae8 21. Re1 Rb8 22. Bg2 Ba4 23. Qc3 Bxb3 24. axb3 Qf5 25. b4 h5 26. b5 h4 27. Qc2 Qc5 28. Qd2 Rbe8 29. b4 Qb6 30. Kf2 Nf8 31. Bc6 Nd7 32. Qd4 Qxd4 33. exd4 hxg3+ 34. hxg3 Rxe1 35. Rxe1 Rxe1 36. Kxe1 Nb8 37. Kd2 Kf8 38. Kd3 Ke7 39. Ke4 Kf6 40. c5 Ke7 41. Kd5 Nd7 42. Bxd7 Kxd7 43. g4 1-0

[Event "Alushta Puchko Memorial"]
[Site "Alushta"]
[Date "2002.??.??"]
[Round "?"]
[White "Chuprikov, Dmitry"]
[Black "Arbakov, Valentin"]
[Result "0-1"]
[WhiteElo "2422"]
[BlackElo "2430"]
[PlyCount "68"]
[EventDate "2002.03.20"]
[EventType "tourn"]
[EventRounds "13"]
[EventCountry "UKR"]
[EventCategory "9"]
[SourceTitle "EXT 2003"]
[Source "ChessBase"]
[SourceDate "2002.11.25"]
[SourceVersion "1"]
[SourceVersionDate "2002.11.25"]
[SourceQuality "1"]

1. g3 d5 2. Nf3 Nf6 3. Bg2 c6 4. d3 h6 5. 0-0 Bf5 6. Nbd2 e6 7. b3 Be7 8. Bb2 0-0 9. Re1 Bh7 10. e4 a5 11. a3 Na6 12. exd5 cxd5 13. Ne5 Nc5 14. Ndf3 Rc8 15. Nd4 Qb6 16. a4 Na6 17. Nb5 Nc7 18. c4 Na6 19. Ng4 Qd8 20. Nxf6+ Bxf6 21. Bxf6 Qxf6 22. cxd5 exd5 23. Bxd5 Nb4 24. Bc4 Rcd8 25. d4 Nc2 26. Rc1 Nxe1 27. Qxe1 Rfe8 28. Qxa5 Be4 29. Qc3 Bf3 30. Re1 Rxe1+ 31. Qxe1 Bc6 32. Qe3 Re8 33. Qc3 Qf5 34. d5 Bxd5 0-1

[Event "Alushta Puchko Memorial"]
[Site "Alushta"]
[Date "2002.??.??"]
[Round "?"]
[White "Gashimov, Vugar"]
[Black "Arbakov, Valentin"]
[Result "1-0"]
[WhiteElo "2466"]
[BlackElo "2430"]
[PlyCount "53"]
[EventDate "2002.03.20"]
[EventType "tourn"]
[EventRounds "13"]
[EventCountry "UKR"]
[EventCategory "9"]
[SourceTitle "EXT 2003"]
[Source "ChessBase"]
[SourceDate "2002.11.25"]
[SourceVersion "1"]
[SourceVersionDate "2002.11.25"]
[SourceQuality "1"]

1. e4 c5 2. Nf3 d6 3. d4 Nf6 4. Nc3 cxd4 5. Nxd4 Nc6 6. f3 e6 7. Be3 Be7 8. Qd2 0-0 9. 0-0-0 a6 10. g4 Rb8 11. g5 Nd7 12. h4 Qc7 13. g6 Nde5 14. gxh7+ Kh8 15. Rg1 f6 16. Qg2 Rf7 17. f4 Nxd4 18. Bxd4 Nc6 19. Qg6 Bf8 20. Bb6 Qe7 21. Rxd6 Bd7 22. Bh3 Qxd6 23. Qxf7 Kxh7 24. Qg6+ Kh8 25. e5 Qe7 26. Qh5+ Kg8 27. Ne4 1-0

[Event "RUS-ch 1/2 fin"]
[Site "Tula"]
[Date "2002.??.??"]
[Round "4"]
[White "Isajevsky, Anton"]
[Black "Arbakov, Valentin"]
[Result "0-1"]
[WhiteElo "2368"]
[BlackElo "2430"]
[PlyCount "98"]
[EventDate "2002.??.??"]
[EventType "swiss"]
[EventRounds "9"]
[EventCountry "RUS"]
[SourceTitle "EXT 2003"]
[Source "ChessBase"]
[SourceDate "2002.11.25"]
[SourceVersion "1"]
[SourceVersionDate "2002.11.25"]
[SourceQuality "1"]

1. d4 Nf6 2. Nf3 d6 3. g3 Bf5 4. Bg2 Qc8 5. 0-0 Bh3 6. Bg5 Bxg2 7. Kxg2 Nbd7 8. Nc3 d5 9. Qd3 e6 10. e4 c6 11. e5 Ng8 12. Ne2 h6 13. Bd2 Ne7 14. b3 c5 15. c4 dxc4 16. bxc4 cxd4 17. Nexd4 Nc6 18. Nb5 Ncxe5 19. Nxe5 Nxe5 20. Qe4 Nd7 21. Bf4 Nc5 22. Qe2 Na6 23. Rfd1 Be7 24. Nd6+ Bxd6 25. Bxd6 h5 26. h4 Qc6+ 27. Kg1 0-0-0 28. Bf4 f6 29. Rxd8+ Rxd8 30. Qxh5 e5 31. Be3 b6 32. Qg6 Rd7 33. a4 Kb7 34. a5 Qxc4 35. axb6 axb6 36. h5 Qc6 37. Rc1 Nc5 38. Qb1 Rd5 39. Qb4 Qd6 40. Qg4 Qd7 41. Qg6 f5 42. Kh2 Rd6 43. Qh7 Ne4 44. Ra1 Nf6 45. Qh8 Ne8 46. Bg5 Qf7 47. Kg1 f4 48. gxf4 exf4 49. Bxf4 Rd5 0-1

[Event "Alushta Puchko Memorial"]
[Site "Alushta"]
[Date "2002.??.??"]
[Round "?"]
[White "Korobov, Anton"]
[Black "Arbakov, Valentin"]
[Result "1/2-1/2"]
[WhiteElo "2511"]
[BlackElo "2430"]
[PlyCount "56"]
[EventDate "2002.03.20"]
[EventType "tourn"]
[EventRounds "13"]
[EventCountry "UKR"]
[EventCategory "9"]
[SourceTitle "EXT 2003"]
[Source "ChessBase"]
[SourceDate "2002.11.25"]
[SourceVersion "1"]
[SourceVersionDate "2002.11.25"]
[SourceQuality "1"]

1. d4 Nf6 2. c4 e6 3. Nf3 c5 4. d5 exd5 5. cxd5 d6 6. Nc3 a6 7. a4 g6 8. Nd2 Nbd7 9. e4 Bg7 10. Be2 0-0 11. 0-0 Re8 12. Qc2 Rb8 13. b3 Nxd5 14. exd5 Rxe2 15. Nxe2 Bxa1 16. Ne4 Be5 17. Bg5 Qf8 18. f4 Bg7 19. f5 Be5 20. Nf4 gxf5 21. Ng3 Qg7 22. h4 Nf6 23. Ngh5 Nxh5 24. Nxh5 Qg6 25. Nf4 Qg7 26. Nh5 Qg6 27. Nf4 Qg7 28. Nh5 Qg6 1/2-1/2

[Event "Moscow Lightning"]
[Site "Moscow"]
[Date "2001.09.02"]
[Round "?"]
[White "Rublevsky, Sergei"]
[Black "Arbakov, Valentin"]
[Result "1-0"]
[WhiteElo "2639"]
[BlackElo "2454"]
[PlyCount "85"]
[EventDate "2001.09.02"]
[EventType "tourn (blitz)"]
[EventRounds "19"]
[EventCountry "RUS"]
[SourceTitle "CBM 084 Extra"]
[Source "ChessBase"]
[SourceDate "2001.10.26"]
[SourceVersion "1"]
[SourceVersionDate "2001.10.26"]
[SourceQuality "1"]

1. e4 c5 2. Nf3 Nc6 3. Bb5 d6 4. Bxc6+ bxc6 5. 0-0 e5 6. c3 Nf6 7. Re1 Be7 8. d4 cxd4 9. cxd4 exd4 10. Nxd4 Bd7 11. Nc3 0-0 12. Bf4 Re8 13. Qf3 Qb6 14. Nb3 Be6 15. e5 dxe5 16. Bxe5 Nd7 17. Bg3 a5 18. Rad1 Bf6 19. Ne4 Bxb2 20. Rb1 Be5 21. Nbc5 Qd8 22. Bxe5 Nxe5 23. Qg3 Bxa2 24. Rbd1 Bd5 25. Nb7 Qe7 26. Ned6 Reb8 27. Rxe5 Qd7 28. Nc5 Qc7 29. Nf5 g6 30. Re8+ Rxe8 31. Qxc7 gxf5 32. Qg3+ Kh8 33. Qc3+ Kg8 34. Nd7 Red8 35. Nf6+ Kf8 36. Nxh7+ Kg8 37. Nf6+ Kf8 38. Qg3 Ke7 39. Qe5+ Kf8 40. h4 a4 41. h5 a3 42. h6 a2 43. Nh7+ 1-0